A Song of Ice and Fire Veteran Characters Quiz Stats

 Plays Quiz Updated May 4, 2015

Challenge
Share
Tweet
Embed
Score 0/12 Timer 03:00
0 Plays Today
% Correct
Arya Stark
91.3%
Cersei Lannister
84.8%
Jon Snow
81.2%
Jaime Lannister
78.8%
Samwell Tarly
56.7%
Grand Maester Pycelle
49.6%
Tommen Baratheon
38.5%
Kevan Lannister
26.5%
Meryn Trant
21.2%
Grenn
20.5%
Boros Blount
19.9%
Balon Swann
18.9%

You're not logged in!

Compare scores with friends on all Sporcle quizzes.
OR
Log In

You Might Also Like...

Show Comments

Extras

Top Quizzes Today


Score Distribution

Your Account Isn't Verified!

In order to create a playlist on Sporcle, you need to verify the email address you used during registration. Go to your Sporcle Settings to finish the process.

Report this User

Report this user for behavior that violates our Community Guidelines.

Details: